00277nam a2200121Ia 4500008004100000100001600041245003400057260002200091300000800113650001000121942000700131999001700138190216s9999||||xx |||||||||||||| ||und|| aBatton Bose 0aLillippoovinu Chuvappu Nizhal bDc Books Kottayam a335 aNovel cBK c27327d27327